عہد عثما نی (فر امين و د ستا و يز ا ت کی ر و شنی ميں ) (Record no. 184318)

MARC details
000 -LEADER
fixed length control field 00742nam a22001937a 4500
005 - DATE AND TIME OF LATEST TRANSACTION
control field 20220118163228.0
010 ## - LCCN (DPL NO)
LC control number UR-11397
020 ## - INTERNATIONAL STANDARD BOOK NUMBER
Terms of availability 500.00
International Standard Book Number 9789387248793
035 ## - SYSTEM CONTROL NUMBER
System control number U-9952
037 ## - SOURCE OF ACQUISITION
Source of stock number/acquisition DBAD/PUB
Stock number dpl
082 ## - DEWEY DECIMAL CLASSIFICATION NUMBER
Classification number 954.015123
100 ## - MAIN ENTRY--PERSONAL NAME
Personal name غو ثيہ با نو
245 ## - TITLE STATEMENT
Title عہد عثما نی (فر امين و د ستا و يز ا ت کی ر و شنی ميں )
Statement of responsibility, etc غو ثيہ با نو
246 ## - VARYING FORM OF TITLE
Remainder of title Ahdy Usmani(Farameen-o-Dastavezaat Ki Roushni Mein) (Urdu)
Title proper/short title by Ghousia Banu
260 ## - PUBLICATION, DISTRIBUTION, ETC. (IMPRINT)
Place of publication, distribution, etc Hyderabad
Name of publisher, distributor, etc Tanveer Publishers
Date of publication, distribution, etc 2021 ء
270 ## - ADDRESS
Address #-11-6-837,2nd floor Sana Apartment Red Hills
City Hyderabad
Postal code -
Telephone number 7207838273
Fax number -
300 ## - PHYSICAL DESCRIPTION
Extent 320 ص
Dimensions 22 Cm(Hb)
942 ## - ADDED ENTRY ELEMENTS (KOHA)
Source of classification or shelving scheme Dewey Decimal Classification
Item type Urdu Bks
Classification part 954.015123
Call number suffix غ و ث
Holdings
Withdrawn status Lost status Not for loan Collection code Home library Current library Date acquired Source of acquisition Cost, normal purchase price Full call number Barcode Copy number Cost, replacement price Koha item type
    Not For Loan Non-fiction D.B.Act.Division Central Library 18/01/2022 DBAD/PUB 500.00 954.015123 غ و ث U-9952 1 500.00 Urdu Bks

© Delhi Public Library
Hit Counter
free hit counter